| 000 | 00781nam a2200205 4500 | ||
|---|---|---|---|
| 999 |
_c7160 _d7160 |
||
| 001 | 6650 | ||
| 003 | BD-DhUAP | ||
| 005 | 20210116135555.0 | ||
| 008 | 210116s2003 bg a|||| |||| 00| 0 ben d | ||
| 020 | _a9846340392 | ||
| 040 |
_aBD-DhUAP _bBangla _cBD-DhUAP _dBD-DhUAP |
||
| 082 |
_223 _a005.133 HOS |
||
| 100 | _aহোসেন, মুহম্মদ রাহাত। | ||
| 245 |
_aজাভাস্ক্রিপ্ট : _bহাতে-খড়ি / _cমুহম্মদ রাহাত হোসেন। |
||
| 260 |
_aঢাকা : _bপাঞ্জেরী, _cc২০০৩। |
||
| 300 |
_a৭১ পৃষ্ঠা : _bচিত্র ; _c১৪ সেমি.। |
||
| 650 | _aJava (Computer program language). | ||
| 650 | _aComputer programming. | ||
| 942 |
_2ddc _cBK |
||